El contrato de transporte marítimo de mercancías: según la ley de 22 de diciembre de 1949, que introduce las normas del Convenio de Bruselas de 1924

Kaydedildi:
Detaylı Bibliyografya
Yazar: Sánchez Calero, Fernando (Yazar)
Materyal Türü: Kitap
Dil:İspanyolca
Baskı/Yayın Bilgisi: Madrid Consejo Superior de Investigaciones Científicas 1957
Seri Bilgileri:Cuadernos del Instituto Jurídico Español, 8
Konular:
Etiketler: Etiketle
Etiket eklenmemiş, İlk siz ekleyin!

MARC

LEADER 00000nam a2200000 a 4500
001 UCM9984
003 CL-VaPUC
008 030530e19570000SP |||||||||||||||||spa|d
082 0 4 |a 346.46025  |b SAN  |2 21 
100 0 |a Sánchez Calero, Fernando  |e author  |9 476671 
245 1 3 |a El contrato de transporte marítimo de mercancías: según la ley de 22 de diciembre de 1949, que introduce las normas del Convenio de Bruselas de 1924 
300 |a 206 p 
942 |c BK 
945 |d 20030530 00:00:00  |a cmena 
260 |a Madrid  |b Consejo Superior de Investigaciones Científicas  |c 1957 
650 0 |a Contratos  |9 255153 
650 0 |a Transporte marítimo  |9 260127 
650 0 |a Obligaciones contractuales  |9 386117 
650 7 |a INDEMNIZACION POR DAÑOS  |2 CL-VaPUC  |9 467940 
583 |a last modification  |c 20030530 00:00:00  |k Rodrigo Vera 
490 0 |a Cuadernos del Instituto Jurídico Español, 8 
999 |c 304047  |d 304045 
952 |0 0  |1 0  |4 0  |6 346_460250000000000_SAN_1957  |7 0  |8 A  |9 365799  |a BIBDER  |b BIBDER  |d 2019-11-21  |i 3909085  |o 346.46025 SAN 1957  |p 3909085  |r 2019-11-21  |w 2019-11-21  |y BK  |k DER